Lire Didier Daeninckx (notice n° 1567324)
[ vue normale ]
| 000 -LEADER | |
|---|---|
| fixed length control field | 00880cam a2200133 4500500 |
| 005 - DATE AND TIME OF LATEST TRANSACTION | |
| control field | 20251214002704.0 |
| 041 ## - LANGUAGE CODE | |
| Language code of text/sound track or separate title | fre |
| 042 ## - AUTHENTICATION CODE | |
| Authentication code | dc |
| 100 10 - MAIN ENTRY--PERSONAL NAME | |
| Personal name | Rubino, Gianfranco |
| Relator term | author |
| 245 00 - TITLE STATEMENT | |
| Title | Lire Didier Daeninckx |
| 260 ## - PUBLICATION, DISTRIBUTION, ETC. | |
| Name of publisher, distributor, etc. | Armand Colin,<br/> |
| Date of publication, distribution, etc. | 2009.<br/> |
| 520 ## - SUMMARY, ETC. | |
| Summary, etc. | Auteur français de romans noirs, de nouvelles et d’essais, Didier Daeninckx construit une critique sociale et politique en prise avec l’actualité (révisionnisme) et les événements marquants et parfois oubliés du siècle passé (massacre des Algériens du 17 octobre 1961).Il a ainsi publié Meurtres pour mémoire, Le Géant inachevé et Le Der des der.Ce livre présente la vie et l’environnement de Didier Daeninckx. Les thèmes et les structures de ses textes sont analysés. |
| 856 41 - ELECTRONIC LOCATION AND ACCESS | |
| Uniform Resource Identifier | <a href="https://shs.cairn.info/lire-didier-daeninckx--9782200243289?lang=fr&redirect-ssocas=7080">https://shs.cairn.info/lire-didier-daeninckx--9782200243289?lang=fr&redirect-ssocas=7080</a> |
Pas d'exemplaire disponible.




Réseaux sociaux